| 000 | 00000nas 2200000zi 4500 |
| 001 | 9.874160 |
| 003 | CaOODSP |
| 005 | 20231117094916 |
| 006 | m o d f |
| 007 | cr ||||||||||| |
| 008 | 190603c20199999qucar p o f0###b0fre|d |
| 020 | |a978-0-660-27565-9 |
| 022 | |y2562-6329 |
| 040 | |aCaOODSP|bfre|erda|cCaOODSP |
| 043 | |an-cn--- |
| 086 | 1 |aEn1-81F-PDF|zEn4-342/2018F-PDF |
| 086 | 1 |aEn1-85/1F-PDF |
| 110 | 1 |aCanada. |bEnvironnement et changement climatique Canada, |eauteur, |eorganisme de publication |
| 222 | 0|aPlan ministériel d'évaluation quinquennal ... |
| 245 | 10|aPlan ministériel d'évaluation quinquennal … |
| 264 | 1|aGatineau (Québec) : |bEnvironnement et changement climatique Canada = Environment and Climate Change Canada, |c2019- |
| 310 | |aAnnuel |
| 336 | |atexte|btxt|2rdacontent/fre |
| 337 | |ainformatique|bc|2rdamedia/fre |
| 338 | |aressource en ligne|bcr|2rdacarrier/fre |
| 362 | 1 |aParaît depuis : de l'année financière 2018 à 2019 à l'année financière 2022 à 2023. |
| 500 | |aPublié aussi en anglais sous le titre : Five-year departmental evaluation plan, et Departmental evaluation plan. |
| 588 | |aDescription d'après : de l'année financière 2018 à 2019 à l'année financière 2022 à 2023. |
| 588 | |aDernière livraison consultée : de l'année financière 2020 à 2021 à l'année financière 2024 à 2025. |
| 610 | 16|aCanada. |bEnvironnement et changement climatique Canada|xVérification comptable|vPériodiques. |
| 650 | 6|aDépenses publiques|xVérification comptable|vPériodiques. |
| 655 | 7|aPériodiques|2rvmgf |
| 775 | 08|tFive-year departmental evaluation plan … |w(CaOODSP)9.874157 |
| 775 | 08|tDepartmental evaluation plan … |w(CaOODSP)9.891196 |
| 785 | 00|tPlan d'audit et d'évaluation d'ECCC ...|w(CaOODSP)9.912289 |